Normal view
MARC view
- تحرير خلف،أحمد ؛ عائد خصباك
Entry Personal Name
001 - CONTROL NUMBER
- control field: 40223
003 - CONTROL NUMBER IDENTIFIER
- control field: JO-AjAnu
005 - DATE AND TIME OF LATEST TRANSACTION
- control field: 20230606080701.0
008 - FIXED-LENGTH DATA ELEMENTS
- fixed length control field: 230606|| aca||aabn | a|a d
040 ## - CATALOGING SOURCE
- Original cataloging agency: JO-AjAnu
- Transcribing agency: JO-AjAnu
100 ## - HEADING--PERSONAL NAME
- Personal name: تحرير خلف،أحمد ؛ عائد خصباك
670 ## - SOURCE DATA FOUND
- Source citation: Work cat.: (JO-AjAnu)20619: تحرير خلف،أحمد ؛ عائد خصباك, author, دراسات في القصة القصيرة والروايات 1980-1985